| 000 | 01504cab a2200457 4500 | ||
|---|---|---|---|
| 001 | ABS57293 | ||
| 008 | 090401t1997 xxu||||| |||| 00| 0 eng d | ||
| 035 | _a(Sirsi) u79787 | ||
| 041 | _aeng | ||
| 245 | _aResidential | ||
| 260 | _c1997 | ||
| 350 | _a0 | ||
| 490 |
_aProperty Week _vSupplement 60(3) 18 July 1997, (35) LOAN |
||
| 520 | _aArticles on the growth of institutional investment in the residential market, ideas for a development tax, conversion of schools, lofts and other redundant buildings, Scottish property centres, developer Unicoin, the new RICS/ISVA homebuyer report, developers`s payment in lieu of social housing, future housing need, development land market, and rising central London prices. | ||
| 650 | _aCONVERSIONS | ||
| 650 | _aDEVELOPMENT LAND | ||
| 650 | _aDEVELOPMENT TAX | ||
| 650 | _aHOMEBUYERS | ||
| 650 | _aHOUSE BUILDING | ||
| 650 | _aHOUSING FINANCE | ||
| 650 | _aHOUSING INVESTMENT TRUSTS | ||
| 650 | _aHOUSING NEED | ||
| 650 | _aHOUSING SUPPLY | ||
| 650 | _aINSTITUTIONAL INVESTMENT | ||
| 650 | _aLAND PRICES | ||
| 650 | _aLOFT CONVERSION | ||
| 650 | _aLONDON | ||
| 650 | _aPLANNING GAIN | ||
| 650 | _aPROPERTY CENTRES | ||
| 650 | _aREDUNDANT BUILDINGS | ||
| 650 | _aRENTAL LEVELS | ||
| 650 | _aRICS HOMEBUYER SURVEY AND VALUATION | ||
| 650 | _aSCHOOLS | ||
| 650 | _aSCOTLAND | ||
| 650 | _aSOCIAL HOUSING | ||
| 650 | _aUNICOIN GROUP | ||
| 650 | _aYIELDS | ||
| 690 | _aHOUSING | ||
| 942 | _n0 | ||
| 948 | _c22/07/1997 | ||
| 999 |
_c50193 _d50193 |
||